[Event "World ol U16"]
[Site "Poprad"]
[Date "2016.07.29"]
[Round "9.4"]
[White "Wartiovaara, Oliver"]
[Black "Osaka, Takuma"]
[Result "0-1"]
[WhiteElo "1513"]
[BlackElo "1888"]
[PlyCount "58"]
[EventDate "2016.07.22"]
[EventType "team-swiss"]
[EventRounds "9"]
[EventCountry "SVK"]
[SourceTitle "EXT 2017"]
[Source "ChessBase"]
[SourceDate "2016.10.25"]
[SourceVersion "1"]
[SourceVersionDate "2016.10.25"]
[SourceQuality "1"]
[WhiteTeam "Finland"]
[BlackTeam "Japan"]
[WhiteTeamCountry "FIN"]
[BlackTeamCountry "JPN"]

1. c4 g6 2. g3 c6 3. Bg2 d5 4. cxd5 cxd5 5. d4 Nf6 6. Nc3 Bg7 7. Nf3 Nc6 8. 0-0 Ne4 9. Ne5 Nxc3 10. Nxc6 Nxe2+ 11. Qxe2 bxc6 12. Be3 0-0 13. Rac1 Qb6 14. Rfd1 Ba6 15. Qc2 Rfc8 16. h4 e6 17. b3 Bb5 18. h5 a5 19. hxg6 hxg6 20. Qc5 Qxc5 21. Rxc5 a4 22. Rdc1 axb3 23. axb3 Bf8 24. Bg5 Bxc5 25. dxc5 Ra3 26. Bf6 Rxb3 27. Bxd5 exd5 28. Kg2 Bd3 29. Rh1 Be4+ 0-1

[Event "World ol U16"]
[Site "Poprad"]
[Date "2016.07.22"]
[Round "1.4"]
[White "Gajcin, Marina"]
[Black "Osaka, Takuma"]
[Result "0-1"]
[WhiteElo "2152"]
[BlackElo "1888"]
[PlyCount "172"]
[EventDate "2016.07.22"]
[EventType "team-swiss"]
[EventRounds "9"]
[EventCountry "SVK"]
[SourceTitle "EXT 2017"]
[Source "ChessBase"]
[SourceDate "2016.10.25"]
[SourceVersion "1"]
[SourceVersionDate "2016.10.25"]
[SourceQuality "1"]
[WhiteTeam "Serbia"]
[BlackTeam "Japan"]
[WhiteTeamCountry "SRB"]
[BlackTeamCountry "JPN"]

1. e4 c5 2. Nf3 d6 3. Bb5+ Nd7 4. c3 Ngf6 5. Qe2 a6 6. Ba4 b5 7. Bc2 Bb7 8. 0-0 e5 9. d4 Be7 10. Rd1 Qc7 11. dxe5 dxe5 12. a4 0-0 13. Bg5 c4 14. Nbd2 Nc5 15. Bh4 Rfe8 16. Bg3 Bd6 17. Ne1 Rad8 18. Kh1 Bc6 19. axb5 axb5 20. f3 Nh5 21. Bf2 Nf4 22. Qf1 Bf8 23. Bxc5 Bxc5 24. g3 Ne6 25. b4 Bb6 26. Qe2 Ra8 27. Nf1 Red8 28. Rxd8+ Qxd8 29. Rd1 Qc7 30. Ne3 Qb7 31. Nd5 Bd8 32. Ng2 Nc7 33. Nge3 Nxd5 34. exd5 Bd7 35. Be4 Ra6 36. d6 Qa7 37. f4 exf4 38. gxf4 Ra2 39. Qf3 Ra1 40. Nd5 Rxd1+ 41. Qxd1 Qf2 42. Ne7+ Kf8 43. Nd5 h5 44. Bg2 Bg4 45. Qb1 Bf3 46. Qg1 Bxg2+ 47. Qxg2 Qe1+ 48. Qg1 Qe4+ 49. Qg2 Qb1+ 50. Qg1 Qe4+ 51. Qg2 Qe1+ 52. Qg1 Qxg1+ 53. Kxg1 Ke8 54. f5 Kd7 55. Nf4 Bf6 56. Ne2 Kxd6 57. Kf2 g5 58. fxg6 fxg6 59. Ke3 g5 60. Ng3 h4 61. Ne4+ Ke5 62. h3 Bd8 63. Kf3 Be7 64. Nf2 Kf5 65. Ne4 Bf8 66. Nf2 Bg7 67. Nd1 Be5 68. Ne3+ Ke6 69. Nd1 Kf6 70. Ne3 Ke6 71. Nd1 Kf7 72. Ke4 Bf6 73. Kf3 Kg6 74. Kg4 Bg7 75. Kf3 Kh5 76. Kg2 g4 77. Nf2 gxh3+ 78. Nxh3 Bxc3 79. Nf4+ Kg4 80. Nd5 Be5 81. Ne3+ Kf4 82. Nc2 c3 83. Na3 Ke3 84. Kf1 h3 85. Kg1 Kd2 86. Nb1+ Kc2 0-1

[Event "Wch U12"]
[Site "Durban"]
[Date "2014.09.22"]
[Round "4"]
[White "Saurabh, Anand"]
[Black "Osaka, Takuma"]
[Result "1-0"]
[WhiteElo "2029"]
[BlackElo "1775"]
[PlyCount "83"]
[EventDate "2014.09.20"]
[EventType "swiss"]
[EventRounds "11"]
[EventCountry "RSA"]
[SourceTitle "CBM 162 Extra"]
[Source "ChessBase"]
[SourceDate "2014.10.17"]
[SourceVersion "1"]
[SourceVersionDate "2014.10.17"]
[SourceQuality "1"]

1. e4 c5 2. Nf3 d6 3. d4 cxd4 4. Nxd4 Nf6 5. Nc3 a6 6. Be2 e5 7. Nb3 Be7 8. 0-0 0-0 9. Kh1 Be6 10. f4 exf4 11. Bxf4 Nc6 12. Qe1 b5 13. Rd1 Bxb3 14. axb3 Qb8 15. Qg3 Ne5 16. Bg5 Kh8 17. Bxf6 Bxf6 18. Rxf6 gxf6 19. Nd5 Qd8 20. Rf1 Rg8 21. Qh4 Rg7 22. Nxf6 Nd7 23. Bh5 Rc8 24. Bg4 Nxf6 25. Bxc8 Qxc8 26. Qxf6 Qxc2 27. Rg1 Qxe4 28. h3 Qe6 29. Qc3 d5 30. Re1 d4 31. Qd2 Qf6 32. Re4 Rg3 33. Rxd4 Rxb3 34. Qd1 Rxb2 35. Rd8+ Kg7 36. Qg4+ Kh6 37. Rd5 Qg6 38. Qf4+ Kg7 39. Qd4+ Qf6 40. Rg5+ Kf8 41. Qxf6 Rb1+ 42. Kh2 1-0